000 00621cam a22002177a 4500
001 000818
003 armpunfd
005 20140612090621.0
008 011019e1997####xx#a##########000#0#und#d
040 _aarmpunfd
_carmpunfd
080 _a347.735 V 714
100 1 0 _a Villegas, Carlos Gilberto
245 1 0 _aRegimen de factura de credito: reforma de la ley de cheques
260 _a Buenos Aires
_b Rubinzal- Culzoni
_c1997
300 _a462p.
650 7 _a Cheques
_2LEMB
650 7 _a Factura De Credito
_2LEMB
650 7 _a Titulos De Creditos
_2LEMB
942 _cLB
_2cdu
945 _aCatalis
_d2010-08-19
999 _c809
_d231313